Twitch Hispano - Estadísticas

Estadísticas generales
  • Esta prueba ha sido intentada 48 veces
  • La puntuación promedio es 11 de 16
Estadísticas de respuestas
Imagen Respuesta % Correcto
Ibai Llanos
98%
Rubius
98%
Auronplay
95%
Rivers
95%
TheGrefg
95%
Arigameplays
84%
ElMariana
82%
Spursito
80%
ElDed
70%
JuansGuarnizo
68%
Komanche
68%
Gerard Romero
64%
Barcagamer
32%
SpreenDMC
32%
VickyPalami
27%
Conterstine
18%
No se encontraron pruebas coincidentes
Distribución de puntuación
Porcentaje de gente con cada puntuación
Porcentaje por número respondido
Historial de tus puntuaciones
No has intentado esta prueba.